Building systems for interior designers / (Record no. 353641)

000 -LEADER
fixed length control field 01280cam a2200349 a 4500
001 - CONTROL NUMBER
control field 15500129
003 - CONTROL NUMBER IDENTIFIER
control field OSt
005 - DATE AND TIME OF LATEST TRANSACTION
control field 20180116192414.0
008 - FIXED-LENGTH DATA ELEMENTS--GENERAL INFORMATION
fixed length control field 081027s2010 njua 001 0 eng
010 ## - LIBRARY OF CONGRESS CONTROL NUMBER
LC control number 2008047057
015 ## - NATIONAL BIBLIOGRAPHY NUMBER
National bibliography number GBA939127
Source bnb
016 7# - NATIONAL BIBLIOGRAPHIC AGENCY CONTROL NUMBER
Record control number 015116630
Source Uk
020 ## - INTERNATIONAL STANDARD BOOK NUMBER
International Standard Book Number 9780470228470 (cloth)
020 ## - INTERNATIONAL STANDARD BOOK NUMBER
International Standard Book Number 0470228474
035 ## - SYSTEM CONTROL NUMBER
System control number (OCoLC)ocn265094223
040 ## - CATALOGING SOURCE
Original cataloging agency DLC
Transcribing agency DLC
Modifying agency YDX
-- YDXCP
-- CDX
-- BWX
-- UKM
-- IAD
-- HEBIS
-- BTCTA
-- DLC
050 00 - LIBRARY OF CONGRESS CALL NUMBER
Classification number TH6014
Item number .B56 2010
082 00 - DEWEY DECIMAL CLASSIFICATION NUMBER
Classification number 696
Edition number 22
100 1# - MAIN ENTRY--PERSONAL NAME
Personal name Binggeli, Corky.
9 (RLIN) 6308
245 10 - TITLE STATEMENT
Title Building systems for interior designers /
Statement of responsibility, etc. Corky Binggeli.
250 ## - EDITION STATEMENT
Edition statement 2nd ed.
260 ## - PUBLICATION, DISTRIBUTION, ETC.
Place of publication, distribution, etc. Hoboken, N.J. :
Name of publisher, distributor, etc. John Wiley & Sons,
Date of publication, distribution, etc. c2010.
300 ## - PHYSICAL DESCRIPTION
Extent xii, 452 p. :
Other physical details ill. ;
Dimensions 29 cm.
500 ## - GENERAL NOTE
General note Includes index.
650 #0 - SUBJECT ADDED ENTRY--TOPICAL TERM
Topical term or geographic name entry element Buildings
General subdivision Environmental engineering.
9 (RLIN) 6309
650 #0 - SUBJECT ADDED ENTRY--TOPICAL TERM
Topical term or geographic name entry element Buildings
General subdivision Mechanical equipment
-- Design and construction.
9 (RLIN) 6310
650 #0 - SUBJECT ADDED ENTRY--TOPICAL TERM
Topical term or geographic name entry element Buildings
General subdivision Electric equipment
-- Design and construction.
9 (RLIN) 6311
906 ## - LOCAL DATA ELEMENT F, LDF (RLIN)
a 7
b cbc
c orignew
d 1
e ecip
f 20
g y-gencatlg
942 ## - ADDED ENTRY ELEMENTS (KOHA)
Source of classification or shelving scheme
Koha item type Book
Holdings
Withdrawn status Lost status Source of classification or shelving scheme Damaged status Not for loan Permanent Location Current Location Date acquired Total Checkouts Total Renewals Full call number Barcode Date last seen Date last checked out Copy number Cost, replacement price Price effective from Koha item type
          School of Art Design and Architecture (SADA) School of Art Design and Architecture (SADA) 08/24/2012 6 2 696 BIN 2010 SADA0001798 02/01/2016 01/08/2016 1 6408.00 02/07/2013 Book
© 2023 Central Library, National University of Sciences and Technology. All Rights Reserved.